[Event "Deutsche Ländermeisterschaft 2012"]
[Site "Hannover GER"]
[Date "2012.10.01"]
[Round "4"]
[White "Raum, Sebastian"]
[Black "Will, Dominik"]
[Result "1-0"]
[Termination "normal"]
[Board "6.1"]
[WhiteTitle "20"]
[BlackTitle "18"]
[WhiteElo "2159"]
[BlackElo "2085"]
[WhiteTeam "Niedersachsen 2"]
[BlackTeam "Hessen 2"]
[PlyCount "81"]
[WhiteFideId "24673935"]
[BlackFideId "4696557"]
[EventCountry "GER"]
[EventRounds "7"]
[EventType "team-swiss"]
[EventDate "2012.09.28"]

1. e4 c5 2. Nf3 d6 3. d4 cxd4 4. Nxd4 Nf6 5. Nc3 a6 6. Be3 e5 7. Nb3 Be6 8. Qd2
Nbd7 9. O-O-O Rc8 10. f4 b5 11. f5 Bc4 12. Kb1 Be7 13. g4 b4 14. Nd5 Nxd5 15.
exd5 Bxf1 16. Rdxf1 a5 17. g5 Qc7 18. Rhg1 a4 19. Nc1 Bd8 20. Rg4 Qa5 21. Qxb4
Qxd5 22. Qxa4 Ra8 23. Qb3 Qxb3 24. Nxb3 Bb6 25. Bxb6 Nxb6 26. Rb4 Rb8 27. a4
Ke7 28. Rd1 Rhc8 29. Rd3 g6 30. f6+ Ke6 31. a5 Nc4 32. Ra4 d5 33. Kc1 e4 34.
Rc3 Ke5 35. Nd2 Nxd2 36. Kxd2 Rxc3 37. Kxc3 Kf4 38. a6 Kf3 39. a7 d4+ 40. Kxd4
Rd8+ 41. Kc5 1-0

[Event "Deutsche Ländermeisterschaft 2012"]
[Site "Hannover GER"]
[Date "2012.10.01"]
[Round "4"]
[White "Kyas, Philipp"]
[Black "Bingert, Tim Niklas"]
[Result "1-0"]
[Termination "normal"]
[Board "6.3"]
[WhiteTitle "16"]
[BlackTitle "14"]
[WhiteElo "2076"]
[BlackElo "1931"]
[WhiteTeam "Niedersachsen 2"]
[BlackTeam "Hessen 2"]
[PlyCount "95"]
[WhiteFideId "24670936"]
[BlackFideId "12917907"]
[EventCountry "GER"]
[EventRounds "7"]
[EventType "team-swiss"]
[EventDate "2012.09.28"]

1. d4 d5 2. c4 e6 3. Nc3 Be7 4. Nf3 Nf6 5. cxd5 exd5 6. Bg5 c6 7. e3 Bf5 8. Ne5
Nbd7 9. Bd3 Bxd3 10. Nxd3 O-O 11. O-O Re8 12. f3 Nf8 13. Bh4 Ne6 14. Kh1 Rc8
15. b4 b6 16. Qb3 c5 17. bxc5 bxc5 18. dxc5 d4 19. exd4 Qxd4 20. Bxf6 Bxf6 21.
Nb5 Qxa1 22. Rxa1 Bxa1 23. Nd6 Rb8 24. Qd1 Bd4 25. Nxe8 Rxe8 26. c6 Rc8 27. Nb4
Kf8 28. g3 a5 29. Nc2 Bc5 30. Qd7 Rc7 31. Qd5 Ke7 32. f4 g6 33. Ne1 Bd6 34. Nf3
f6 35. Qe4 Kf7 36. Nd4 Nxd4 37. Qxd4 Ke6 38. Qe4+ Kf7 39. f5 gxf5 40. Qxf5 Kg7
41. Qe6 Be5 42. Qe8 a4 43. Kg2 a3 44. Kf3 Ra7 45. Kg4 Ra4+ 46. Kf5 Ra5 47. Qe7+
Kh6 48. Qf8+ 1-0

[Event "Deutsche Ländermeisterschaft 2012"]
[Site "Hannover GER"]
[Date "2012.10.01"]
[Round "4"]
[White "Keller, Peter"]
[Black "Bach, Jannik"]
[Result "1-0"]
[Termination "normal"]
[Board "6.4"]
[WhiteTitle "14"]
[BlackTitle "14"]
[WhiteElo "1966"]
[BlackElo "1859"]
[WhiteTeam "Hessen 2"]
[BlackTeam "Niedersachsen 2"]
[PlyCount "75"]
[WhiteFideId "1272105"]
[BlackFideId "24615900"]
[EventCountry "GER"]
[EventRounds "7"]
[EventType "team-swiss"]
[EventDate "2012.09.28"]

1. e4 c6 2. d4 d5 3. exd5 cxd5 4. c4 Nf6 5. Nc3 e6 6. Nf3 Bb4 7. cxd5 Nxd5 8.
Qc2 Nc6 9. a3 Ba5 10. Bd3 h6 11. O-O O-O 12. Bd2 Nf6 13. Rad1 Ne7 14. Bf4 Bd7
15. Be5 Ned5 16. Nxd5 Nxd5 17. Qe2 Nf6 18. Bxf6 Qxf6 19. Qe4 g6 20. Qxb7 Rfd8
21. Qe4 Bb6 22. Bc4 Be8 23. d5 exd5 24. Bxd5 Rac8 25. Ne5 Kg7 26. Nc4 Bc7 27.
Rd3 Bd7 28. Rc3 Bf5 29. Qf3 h5 30. h3 Bb8 31. Rfc1 Rc5 32. Ne3 Rxc3 33. Rxc3
Be5 34. Rc6 Rd6 35. Rc7 Rd7 36. Nxf5+ Qxf5 37. Qxf5 Rxd5 38. Qxf7+ 1-0

[Event "Deutsche Ländermeisterschaft 2012"]
[Site "Hannover GER"]
[Date "2012.10.01"]
[Round "4"]
[White "Manusina, Nicole"]
[Black "Spitzl, Vinzent"]
[Result "0-1"]
[Termination "normal"]
[Board "6.5"]
[WhiteTitle "14w"]
[BlackTitle "12"]
[WhiteElo "1800"]
[BlackElo "1729"]
[WhiteTeam "Niedersachsen 2"]
[BlackTeam "Hessen 2"]
[PlyCount "116"]
[WhiteFideId "24657514"]
[BlackFideId "12901253"]
[EventCountry "GER"]
[EventRounds "7"]
[EventType "team-swiss"]
[EventDate "2012.09.28"]

1. d4 d5 2. c4 e6 3. Nc3 Be7 4. Nf3 Nf6 5. Bg5 O-O 6. e3 h6 7. Bh4 Ne4 8. Bxe7
Qxe7 9. Qc2 Nxc3 10. bxc3 Nd7 11. Bd3 dxc4 12. Bxc4 e5 13. O-O exd4 14. cxd4
Nb6 15. Bb3 c6 16. Qd3 Be6 17. Bc2 g6 18. Ne5 Bf5 19. e4 Be6 20. f4 Nd7 21.
Nxd7 Bxd7 22. f5 Kh7 23. e5 Rg8 24. e6 Be8 25. Rae1 f6 26. Qf3 g5 27. Rd1 Rd8
28. Be4 Rg7 29. Kh1 Qd6 30. Qc3 Bh5 31. Rd2 c5 32. d5 Rf8 33. Qh3 Be8 34. g4
Bb5 35. Rf3 Qe5 36. Qg3 Qxe4 37. d6 Bc6 38. Kg2 Rd8 39. Kf2 Qxf3+ 40. Qxf3 Bxf3
41. Kxf3 Rgg8 42. Ke4 c4 43. d7 Rg7 44. Rd5 c3 45. Kd3 c2 46. Kxc2 Kg8 47. Kc3
Kf8 48. Kc4 Ke7 49. Kc5 Rh7 50. a4 h5 51. h3 hxg4 52. hxg4 Rh2 53. Rd3 Rh4 54.
Rd4 Rh3 55. Kb4 Rf3 56. Kc4 Rf4 57. Rxf4 gxf4 58. Kd4 Rg8 0-1

[Event "Deutsche Ländermeisterschaft 2012"]
[Site "Hannover GER"]
[Date "2012.10.01"]
[Round "4"]
[White "Schneider, Sabrina"]
[Black "Reuker, Jari"]
[Result "1/2-1/2"]
[Termination "normal"]
[Board "6.6"]
[WhiteTitle "14w"]
[BlackTitle "12"]
[WhiteElo "1548"]
[BlackElo "1784"]
[WhiteTeam "Hessen 2"]
[BlackTeam "Niedersachsen 2"]
[PlyCount "94"]
[WhiteFideId "12951986"]
[BlackFideId "12909300"]
[EventCountry "GER"]
[EventRounds "7"]
[EventType "team-swiss"]
[EventDate "2012.09.28"]

1. e4 c5 2. Nf3 e6 3. d4 cxd4 4. Nxd4 Nc6 5. Nc3 Qc7 6. g3 a6 7. Bg2 Nf6 8. O-O
Be7 9. h4 O-O 10. Be3 Rd8 11. Bf3 Ne5 12. Be2 d5 13. f4 Nc4 14. Bxc4 Qxc4 15.
e5 Nd7 16. Nf3 b5 17. Ne2 Bb7 18. Ned4 Qc8 19. Rc1 Nc5 20. Kg2 Ne4 21. Qd3 Qc4
22. Qxc4 dxc4 23. Rcd1 Bc5 24. Kh3 c3 25. b3 b4 26. g4 Nd2 27. Nxd2 Bxd4 28.
Bxd4 Rxd4 29. Nc4 Rad8 30. Nd6 Rxd1 31. Rxd1 Be4 32. Rc1 f5 33. h5 g6 34. Kh4
Kg7 35. h6+ Kf8 36. Kg5 Ke7 37. Kh4 a5 38. a4 bxa3 39. Ra1 Bxc2 40. Rxa3 Bb1
41. Rxa5 c2 42. Rc5 Rb8 43. Rc3 Rxb3 44. Rxb3 c1=Q 45. Rb7+ Kd8 46. Nf7+ Ke8
47. Nd6+ Kd8 1/2-1/2

[Event "Deutsche Ländermeisterschaft 2012"]
[Site "Hannover GER"]
[Date "2012.10.01"]
[Round "4"]
[White "Thole, Ann-Christin"]
[Black "Diener, Carolin Valeria"]
[Result "1-0"]
[Termination "normal"]
[Board "6.7"]
[WhiteTitle "16w"]
[BlackTitle "12w"]
[WhiteElo "1685"]
[BlackElo "1710"]
[WhiteTeam "Niedersachsen 2"]
[BlackTeam "Hessen 2"]
[PlyCount "79"]
[WhiteFideId "12907529"]
[BlackFideId "24699063"]
[EventCountry "GER"]
[EventRounds "7"]
[EventType "team-swiss"]
[EventDate "2012.09.28"]

1. e4 e5 2. Nc3 Nc6 3. Bc4 Nf6 4. d3 Bc5 5. f4 d6 6. f5 h6 7. Bd2 Bd7 8. Nf3 a6
9. Qe2 Qe7 10. O-O-O Nd4 11. Nxd4 Bxd4 12. g4 O-O-O 13. h4 Bc6 14. g5 Bxc3 15.
Bxc3 hxg5 16. hxg5 Nd7 17. Qg4 Kb8 18. Rh5 Nb6 19. Bb3 Rde8 20. Rdh1 Rxh5 21.
Qxh5 d5 22. a3 dxe4 23. dxe4 Bxe4 24. Re1 Bxf5 25. Rxe5 Qd7 26. Rxe8+ Qxe8 27.
Bxf7 Qf8 28. g6 Bd7 29. Qh7 Qc5 30. Qh2 Qf8 31. Be5 Na8 32. Qd2 Bc6 33. Qd4 Qe7
34. b4 Qg5+ 35. Kb2 Bf3 36. Bxg7 Bh5 37. Bf6 Qg2 38. Qd8+ Ka7 39. Bd4+ b6 40.
Bd5 1-0

[Event "Deutsche Ländermeisterschaft 2012"]
[Site "Hannover GER"]
[Date "2012.10.01"]
[Round "4"]
[White "Liez, Tatjana"]
[Black "Wallat, Jessica"]
[Result "1/2-1/2"]
[Termination "normal"]
[Board "6.8"]
[WhiteTitle "16w"]
[BlackTitle "12w"]
[WhiteElo "1532"]
[BlackElo "1580"]
[WhiteTeam "Hessen 2"]
[BlackTeam "Niedersachsen 2"]
[PlyCount "94"]
[WhiteFideId "1271769"]
[BlackFideId "12909637"]
[EventCountry "GER"]
[EventRounds "7"]
[EventType "team-swiss"]
[EventDate "2012.09.28"]

1. e4 e5 2. Nf3 Nc6 3. Bc4 Bc5 4. d3 Nf6 5. Nc3 d6 6. h3 h6 7. Be3 Bb6 8. O-O
O-O 9. Qd2 Bxe3 10. Qxe3 Be6 11. Bb3 Re8 12. Qd2 d5 13. exd5 Bxd5 14. Bxd5 Nxd5
15. Rfe1 Qd7 16. Ne2 Rad8 17. a3 Qf5 18. Ng3 Qf4 19. Qd1 Nf6 20. Ne4 Nxe4 21.
Rxe4 Qxe4 22. dxe4 Rxd1+ 23. Rxd1 f6 24. Kf1 Kf7 25. Ke2 Ke6 26. c3 Na5 27. Nh4
Rg8 28. Kd2 Nc4+ 29. Kc2 g5 30. Nf5 h5 31. Re1 Rd8 32. Re2 h4 33. f3 a6 34. Ne3
Nxe3+ 35. Rxe3 b5 36. b4 f5 37. exf5+ Kxf5 38. Re4 a5 39. c4 axb4 40. axb4 c6
41. Kc3 Rd1 42. Rg4 Re1 43. Kd3 Rc1 44. Re4 Rb1 45. Kc3 Rg1 46. Rg4 Re1 47. Kd3
Rg1 1/2-1/2

[Event "Deutsche Ländermeisterschaft 2012"]
[Site "Hannover GER"]
[Date "2012.10.01"]
[Round "4"]
[White "Schulenburg, Torben"]
[Black "Bräuer, Franz"]
[Result "0-1"]
[Termination "normal"]
[Board "7.1"]
[WhiteTitle "20"]
[BlackTitle "18"]
[WhiteElo "2060"]
[BlackElo "2222"]
[WhiteTeam "Hamburg"]
[BlackTeam "Thüringen"]
[PlyCount "98"]
[WhiteFideId "24648558"]
[BlackFideId "24634468"]
[EventCountry "GER"]
[EventRounds "7"]
[EventType "team-swiss"]
[EventDate "2012.09.28"]

1. e4 c5 2. Nf3 d6 3. d4 cxd4 4. Nxd4 Nf6 5. Nc3 a6 6. Bg5 e6 7. Qd2 Nc6 8.
O-O-O Qb6 9. f3 Be7 10. Nb3 Qc7 11. Kb1 Rb8 12. Bxf6 gxf6 13. Qh6 b5 14. Qg7
Rf8 15. Qxh7 b4 16. Ne2 e5 17. h4 Be6 18. Qh6 a5 19. Qd2 a4 20. Nbc1 f5 21. Ng3
f4 22. Nf5 Bxf5 23. exf5 Nd4 24. Bd3 Qc8 25. Ne2 Nxf5 26. Bxf5 Qxf5 27. Qd5 Qd7
28. c4 Rg8 29. Rh2 Qe6 30. Qc6+ Kf8 31. Rc1 a3 32. b3 Kg7 33. Rd1 Qf5+ 34. Kc1
Rgc8 35. Qe4 Qxe4 36. fxe4 f5 37. exf5 Kf6 38. g4 Rg8 39. Rg1 d5 40. cxd5 Bc5
41. g5+ Kxf5 42. Rf1 Ke4 43. Ng1 Rbd8 44. Nf3 Rxd5 45. h5 Rd3 46. Rh3 Be3+ 47.
Kb1 Rc8 48. g6 Rdc3 49. Rhh1 Rc2 0-1

[Event "Deutsche Ländermeisterschaft 2012"]
[Site "Hannover GER"]
[Date "2012.10.01"]
[Round "4"]
[White "Urban, Lars"]
[Black "Hinrichs, Jan"]
[Result "0-1"]
[Termination "normal"]
[Board "7.2"]
[WhiteTitle "16"]
[BlackTitle "18"]
[WhiteElo "2064"]
[BlackElo "2038"]
[WhiteTeam "Thüringen"]
[BlackTeam "Hamburg"]
[PlyCount "72"]
[WhiteFideId "4644034"]
[BlackFideId "12907294"]
[EventCountry "GER"]
[EventRounds "7"]
[EventType "team-swiss"]
[EventDate "2012.09.28"]

1. d4 d5 2. c4 c6 3. Nc3 e6 4. Nf3 dxc4 5. a4 Bb4 6. e3 b5 7. Bd2 a5 8. axb5
Bxc3 9. Bxc3 cxb5 10. b3 Bb7 11. bxc4 b4 12. Bb2 Nf6 13. Bd3 Nbd7 14. O-O O-O
15. Re1 Ne4 16. Nd2 Nxd2 17. Qxd2 Qe7 18. Qc2 Nf6 19. e4 e5 20. f4 exf4 21. e5
Ng4 22. Bxh7+ Kh8 23. Be4 Ne3 24. Rxe3 fxe3 25. Re1 b3 26. Qd3 Bxe4 27. Qxe4 f5
28. Qxe3 a4 29. Bc1 Rab8 30. Qf2 a3 31. d5 b2 32. d6 Qe6 33. Qh4+ Kg8 34. Bxb2
axb2 35. Rb1 Qxe5 36. Qf2 Qxd6 0-1

[Event "Deutsche Ländermeisterschaft 2012"]
[Site "Hannover GER"]
[Date "2012.10.01"]
[Round "4"]
[White "Hinrichs, Lars"]
[Black "Sukaylo, Aleksey"]
[Result "0-1"]
[Termination "normal"]
[Board "7.3"]
[WhiteTitle "16"]
[BlackTitle "18"]
[WhiteElo "1949"]
[BlackElo "2011"]
[WhiteTeam "Hamburg"]
[BlackTeam "Thüringen"]
[PlyCount "55"]
[WhiteFideId "12921769"]
[BlackFideId "12912344"]
[EventCountry "GER"]
[EventRounds "7"]
[EventType "team-swiss"]
[EventDate "2012.09.28"]

1. e4 e5 2. Nf3 Nc6 3. Bc4 Bc5 4. O-O Nf6 5. d4 Bxd4 6. Nxd4 Nxd4 7. f4 d6 8.
fxe5 dxe5 9. Bg5 Qe7 10. c3 Ne6 11. Bxf6 gxf6 12. Na3 Rg8 13. Kh1 Nf4 14. g3
Bh3 15. Rf2 Ne6 16. Qa4+ c6 17. Bxe6 fxe6 18. Rd1 Rd8 19. Rdd2 Rxd2 20. Rxd2 f5
21. Qxa7 fxe4 22. Qb8+ Kf7 23. Qxe5 Rg5 24. Rf2+ Kg8 25. Qxe4 Qd6 26. Qa4 Ra5
27. Qb3 Rd5 28. Qxd5 0-1

[Event "Deutsche Ländermeisterschaft 2012"]
[Site "Hannover GER"]
[Date "2012.10.01"]
[Round "4"]
[White "Zahn, Alina"]
[Black "Krüger, David"]
[Result "1/2-1/2"]
[Termination "normal"]
[Board "7.4"]
[WhiteTitle "14w"]
[BlackTitle "12"]
[WhiteElo "1884"]
[BlackElo "1786"]
[WhiteTeam "Thüringen"]
[BlackTeam "Hamburg"]
[PlyCount "102"]
[WhiteFideId "24696730"]
[BlackFideId "12921858"]
[EventCountry "GER"]
[EventRounds "7"]
[EventType "team-swiss"]
[EventDate "2012.09.28"]

1. e4 e5 2. Bc4 Bc5 3. Nf3 Nc6 4. c3 Nf6 5. d3 a6 6. Bb3 Ba7 7. h3 d6 8. Nbd2
h6 9. Nf1 Be6 10. Bc2 d5 11. Qe2 dxe4 12. dxe4 Qe7 13. Be3 Nd7 14. Bxa7 Nxa7
15. Ne3 O-O-O 16. O-O g5 17. Nd5 Bxd5 18. exd5 Kb8 19. Rad1 Nc8 20. Rfe1 Rde8
21. Qd2 Qd6 22. c4 f6 23. b4 h5 24. c5 Qf8 25. Nh2 Qg7 26. Re3 Nf8 27. c6 Nd6
28. cxb7 Kxb7 29. Qc3 Qd7 30. a4 Rb8 31. Bd3 Rg8 32. Rc1 Ng6 33. Qc5 Nf4 34.
Bf1 Ra8 35. Rec3 Ne8 36. Qa5 Nxd5 37. Rd3 c6 38. g3 Nec7 39. Bg2 Qe7 40. Bxd5
Nxd5 41. Rc5 Qc7 42. Qxc7+ Nxc7 43. Rd6 Rgf8 44. Rdxc6 Rf7 45. Nf1 Re8 46. Ne3
Re6 47. Rxe6 Nxe6 48. Rd5 Rc7 49. Rd6 Rc6 50. Rd7+ Rc7 51. Rd6 Rc6 1/2-1/2

[Event "Deutsche Ländermeisterschaft 2012"]
[Site "Hannover GER"]
[Date "2012.10.01"]
[Round "4"]
[White "Rogozenco, Teodora"]
[Black "Schätz, Bianca"]
[Result "0-1"]
[Termination "normal"]
[Board "7.5"]
[WhiteTitle "12w"]
[BlackTitle "18w"]
[WhiteElo "1706"]
[BlackElo "1811"]
[WhiteTeam "Hamburg"]
[BlackTeam "Thüringen"]
[PlyCount "98"]
[WhiteFideId "12938084"]
[BlackFideId "24655821"]
[EventCountry "GER"]
[EventRounds "7"]
[EventType "team-swiss"]
[EventDate "2012.09.28"]

1. d4 d5 2. c4 e6 3. Nc3 Nf6 4. cxd5 exd5 5. Bf4 Bd6 6. Bxd6 Qxd6 7. e3 O-O 8.
Bd3 b6 9. Nf3 a6 10. O-O Bb7 11. Qc2 Nbd7 12. Rac1 Rac8 13. Qe2 Ra8 14. Rfd1
Ne4 15. Qc2 Ndf6 16. h3 Rac8 17. Qe2 Nxc3 18. Rxc3 Ne4 19. Rc2 a5 20. Rdc1 h6
21. Ba6 Bxa6 22. Qxa6 c5 23. dxc5 Rxc5 24. Rxc5 Nxc5 25. Qb5 Rd8 26. Nd4 Qf6
27. Qc6 Rd6 28. Qc8+ Kh7 29. Qf5+ Qxf5 30. Nxf5 Rf6 31. Nd4 Nd3 32. Rc2 Nb4 33.
Rd2 Nxa2 34. Nc2 Rc6 35. Kf1 Rc5 36. Ke1 Kg6 37. Kd1 Kf6 38. Rd3 Rxc2 39. Kxc2
Nb4+ 40. Kc3 Nxd3 41. Kxd3 Ke5 42. f4+ Kd6 43. Kd4 f5 44. g4 g6 45. Kd3 Kc5 46.
Kc2 Kc4 47. b3+ Kb4 48. Kd3 Kxb3 49. h4 h5 0-1

[Event "Deutsche Ländermeisterschaft 2012"]
[Site "Hannover GER"]
[Date "2012.10.01"]
[Round "4"]
[White "Allin, Katharina"]
[Black "Lemke, Berfin"]
[Result "1/2-1/2"]
[Termination "normal"]
[Board "7.8"]
[WhiteTitle "12w"]
[BlackTitle "14w"]
[WhiteElo "1135"]
[BlackElo "1544"]
[WhiteTeam "Thüringen"]
[BlackTeam "Hamburg"]
[PlyCount "104"]
[WhiteFideId "12903779"]
[BlackFideId "1270578"]
[EventCountry "GER"]
[EventRounds "7"]
[EventType "team-swiss"]
[EventDate "2012.09.28"]

1. e4 e5 2. Nf3 Nc6 3. Bc4 Nf6 4. d3 Bc5 5. c3 a6 6. Bb3 Ba7 7. Qe2 d6 8. Nbd2
Be6 9. Bc2 Qd7 10. Nf1 h6 11. Ne3 Ng4 12. h3 Nf6 13. Ba4 b5 14. Bc2 Qc8 15. Bd2
Ne7 16. d4 Ng6 17. d5 Nf4 18. Qf1 Bd7 19. O-O-O Rb8 20. Kb1 a5 21. Ne1 b4 22.
c4 a4 23. Bd3 Qb7 24. Nf5 Bxf5 25. exf5 Nxd3 26. Nxd3 b3 27. a3 Ne4 28. Qe2
Nxd2+ 29. Qxd2 O-O 30. g4 c6 31. f6 Kh7 32. Nb4 c5 33. Nc6 Rbe8 34. f3 g6 35.
h4 Qd7 36. Rhg1 Bb6 37. Qd3 Kh8 38. h5 g5 39. Ne7 Rxe7 40. fxe7 Qxe7 41. Qe4
Qf6 42. Qf5 Qxf5+ 43. gxf5 Kg7 44. Rde1 Kf6 45. Re4 Kxf5 46. Rgg4 Kf6 47. Rg2
Ba5 48. Kc1 Kg7 49. f4 f6 50. f5 Kf7 51. Rgg4 Rg8 52. Rg2 Re8 1/2-1/2

[Event "Deutsche Ländermeisterschaft 2012"]
[Site "Hannover GER"]
[Date "2012.10.01"]
[Round "4"]
[White "Weber, Max"]
[Black "Krause, Benedict"]
[Result "1/2-1/2"]
[Termination "normal"]
[Board "8.1"]
[WhiteTitle "18"]
[BlackTitle "16"]
[WhiteElo "2109"]
[BlackElo "2074"]
[WhiteTeam "Mecklenburg-Vorpommern"]
[BlackTeam "Schleswig-Holstein"]
[PlyCount "85"]
[WhiteFideId "4624831"]
[BlackFideId "12917990"]
[EventCountry "GER"]
[EventRounds "7"]
[EventType "team-swiss"]
[EventDate "2012.09.28"]

1. d4 Nf6 2. c4 g6 3. g3 c6 4. Nf3 d5 5. b3 Bg7 6. Bg2 O-O 7. O-O dxc4 8. bxc4
c5 9. Bb2 Qb6 10. Qb3 Ne4 11. Nc3 Nxc3 12. Bxc3 Qxb3 13. axb3 Nc6 14. Rfd1 Bg4
15. e3 Rfd8 16. Rd2 Bxf3 17. Bxf3 cxd4 18. exd4 Nxd4 19. Bxd4 Bxd4 20. Rad1 e5
21. c5 Rab8 22. b4 a6 23. Kg2 Kf8 24. Rc1 f5 25. c6 bxc6 26. Rxc6 Rxb4 27. Rxa6
e4 28. Be2 Rb2 29. Rxb2 Bxb2 30. Ra7 Rd2 31. Kf1 h5 32. Ra2 Rc2 33. h4 Rc1+ 34.
Kg2 Bf6 35. Ra7 Rc2 36. Kf1 Be7 37. Rb7 Kf7 38. Bd1 Rc5 39. Bb3+ Kf6 40. Rb6+
Kg7 41. Rb7 Re5 42. Ke2 Kf6 43. Rb6+ 1/2-1/2

[Event "Deutsche Ländermeisterschaft 2012"]
[Site "Hannover GER"]
[Date "2012.10.01"]
[Round "4"]
[White "Powierski, Emil"]
[Black "Ispirjan, Mikael"]
[Result "1-0"]
[Termination "normal"]
[Board "8.2"]
[WhiteTitle "16"]
[BlackTitle "16"]
[WhiteElo "2137"]
[BlackElo "1940"]
[WhiteTeam "Schleswig-Holstein"]
[BlackTeam "Mecklenburg-Vorpommern"]
[PlyCount "72"]
[WhiteFideId "4656199"]
[BlackFideId "1271217"]
[EventCountry "GER"]
[EventRounds "7"]
[EventType "team-swiss"]
[EventDate "2012.09.28"]

1. e4 c6 2. d4 d5 3. exd5 cxd5 4. Bd3 Nc6 5. c3 Nf6 6. Bf4 Bg4 7. Qb3 Qc8 8.
Nd2 e6 9. Ngf3 Be7 10. O-O O-O 11. Ne5 Bh5 12. Rae1 Nxe5 13. Bxe5 Bg6 14. Bxg6
hxg6 15. Bxf6 gxf6 16. f4 f5 17. Re3 Kg7 18. Qd1 Rh8 19. Nf3 Qc7 20. Ne5 Rag8
21. g4 fxg4 22. Qxg4 Kf8 23. Rh3 Bf6 24. Rff3 Ke7 25. Re3 Qd8 26. Kg2 Rxh3 27.
Rxh3 Qb6 28. Qe2 Rh8 29. Rxh8 Bxh8 30. Kg3 Bf6 31. Ng4 Qc7 32. Nxf6 Kxf6 33.
Kg4 Qc8 34. Qe5+ Ke7 35. Kg5 b5 36. Qf6+ Ke8 1-0

[Event "Deutsche Ländermeisterschaft 2012"]
[Site "Hannover GER"]
[Date "2012.10.01"]
[Round "4"]
[White "Celmer, Ole"]
[Black "Marx, Joschka"]
[Result "0-1"]
[Termination "normal"]
[Board "8.3"]
[WhiteTitle "20"]
[BlackTitle "20"]
[WhiteElo "1857"]
[BlackElo "2034"]
[WhiteTeam "Mecklenburg-Vorpommern"]
[BlackTeam "Schleswig-Holstein"]
[PlyCount "100"]
[WhiteFideId "24657107"]
[BlackFideId "24645869"]
[EventCountry "GER"]
[EventRounds "7"]
[EventType "team-swiss"]
[EventDate "2012.09.28"]

1. e4 c6 2. d4 g6 3. Nc3 d5 4. h3 Bg7 5. Nf3 dxe4 6. Nxe4 Nd7 7. Be2 Ngf6 8.
Ng3 O-O 9. O-O Qc7 10. c3 Nd5 11. Re1 e5 12. Bc4 N7b6 13. Bb3 exd4 14. cxd4 Nf6
15. Ne2 Nbd5 16. Nc3 Be6 17. Bg5 Qa5 18. Rc1 Rfe8 19. Ne5 Rac8 20. Qf3 Nxc3 21.
Bxe6 Rxe6 22. bxc3 Qd5 23. Qf4 Rce8 24. Re3 Qa5 25. Nc4 Qxa2 26. Nd6 Rxe3 27.
fxe3 Re6 28. e4 h6 29. Bxh6 Bxh6 30. Qxh6 Nxe4 31. Nxe4 Rxe4 32. Qg5 Qe6 33.
Rf1 Re1 34. Qd8+ Kg7 35. Rxe1 Qxe1+ 36. Kh2 Qxc3 37. Qd6 Qe3 38. Qc5 a5 39.
Qxa5 Qxd4 40. Qc7 b5 41. Qxc6 b4 42. Qf3 Qc3 43. Qf4 b3 44. h4 Qf6 45. Qb4 b2
46. Kg1 Qe5 47. Kh1 Kh7 48. Kg1 Qe3+ 49. Kh2 Qc1 50. Qb7 Kg7 0-1

[Event "Deutsche Ländermeisterschaft 2012"]
[Site "Hannover GER"]
[Date "2012.10.01"]
[Round "4"]
[White "Kololli, Kevin"]
[Black "Schmekel, Florian"]
[Result "1-0"]
[Termination "normal"]
[Board "8.4"]
[WhiteTitle "12"]
[BlackTitle "14"]
[WhiteElo "1860"]
[BlackElo "1552"]
[WhiteTeam "Schleswig-Holstein"]
[BlackTeam "Mecklenburg-Vorpommern"]
[PlyCount "47"]
[WhiteFideId "12936863"]
[BlackFideId "12913456"]
[EventCountry "GER"]
[EventRounds "7"]
[EventType "team-swiss"]
[EventDate "2012.09.28"]

1. e4 c5 2. Nf3 Nc6 3. d4 cxd4 4. Nxd4 g6 5. Nc3 Bg7 6. Be3 Nf6 7. Bc4 O-O 8.
Bb3 a5 9. f3 d6 10. Qd2 Bd7 11. h4 Nxd4 12. Bxd4 b5 13. Nd5 Rb8 14. Nxf6+ exf6
15. h5 a4 16. Bd5 b4 17. hxg6 hxg6 18. Rh6 Rb5 19. Rxg6 Rxd5 20. Rxg7+ Kxg7 21.
exd5 Re8+ 22. Kf2 Bf5 23. Qg5+ Bg6 24. Rh1 1-0

[Event "Deutsche Ländermeisterschaft 2012"]
[Site "Hannover GER"]
[Date "2012.10.01"]
[Round "4"]
[White "Wulf, Constanze"]
[Black "Janke, Hendrik"]
[Result "0-1"]
[Termination "normal"]
[Board "8.5"]
[WhiteTitle "16w"]
[BlackTitle "14"]
[WhiteElo "1622"]
[BlackElo "1787"]
[WhiteTeam "Mecklenburg-Vorpommern"]
[BlackTeam "Schleswig-Holstein"]
[PlyCount "48"]
[WhiteFideId "24692379"]
[BlackFideId "12921831"]
[EventCountry "GER"]
[EventRounds "7"]
[EventType "team-swiss"]
[EventDate "2012.09.28"]

1. d4 d5 2. c4 e6 3. Nc3 Nf6 4. cxd5 exd5 5. Bg5 c6 6. e3 h6 7. Bh4 Be7 8. Bd3
O-O 9. Nge2 Re8 10. O-O Nbd7 11. Qc2 Nf8 12. Rab1 Bd6 13. b4 Bxh2+ 14. Kh1 Bd6
15. b5 Bd7 16. bxc6 Bxc6 17. Bb5 Ng6 18. Bg3 Bxg3 19. Nxg3 Ng4 20. Kg1 Qh4 21.
Rfe1 Qh2+ 22. Kf1 Nh4 23. Re2 Qxg2+ 24. Ke1 Nf3+ 0-1

[Event "Deutsche Ländermeisterschaft 2012"]
[Site "Hannover GER"]
[Date "2012.10.01"]
[Round "4"]
[White "Rosmait, Emily"]
[Black "Klinge, Sabina"]
[Result "1-0"]
[Termination "normal"]
[Board "8.6"]
[WhiteTitle "14w"]
[BlackTitle "14w"]
[WhiteElo "1634"]
[BlackElo "1659"]
[WhiteTeam "Schleswig-Holstein"]
[BlackTeam "Mecklenburg-Vorpommern"]
[PlyCount "65"]
[WhiteFideId "12937754"]
[BlackFideId "12949590"]
[EventCountry "GER"]
[EventRounds "7"]
[EventType "team-swiss"]
[EventDate "2012.09.28"]

1. e4 c5 2. Nc3 g6 3. g3 Bg7 4. Bg2 Nc6 5. Nge2 d6 6. O-O e6 7. d3 Rb8 8. Be3
Nge7 9. Qd2 O-O 10. f4 b6 11. h3 Qc7 12. g4 f5 13. Ng3 a6 14. Rae1 Bd7 15. g5
b5 16. h4 b4 17. Nd1 Qa5 18. h5 Qxa2 19. b3 Nd4 20. Bxd4 Bxd4+ 21. Kh2 e5 22.
exf5 Nxf5 23. Bd5+ Kh8 24. Nxf5 Bxf5 25. hxg6 hxg6 26. Rh1 Kg7 27. Kg3 Qa5 28.
Qe2 Rh8 29. Ne3 Qd8 30. Nxf5+ gxf5 31. Rxh8 Kxh8 32. Rh1+ Kg7 33. Qh5 1-0

[Event "Deutsche Ländermeisterschaft 2012"]
[Site "Hannover GER"]
[Date "2012.10.01"]
[Round "4"]
[White "Schamber, Dennis"]
[Black "Köhler, Inken"]
[Result "1-0"]
[Termination "normal"]
[Board "8.7"]
[WhiteTitle "12"]
[BlackTitle "12w"]
[WhiteElo "1548"]
[BlackElo "1459"]
[WhiteTeam "Mecklenburg-Vorpommern"]
[BlackTeam "Schleswig-Holstein"]
[PlyCount "59"]
[WhiteFideId "12952176"]
[BlackFideId "12929301"]
[EventCountry "GER"]
[EventRounds "7"]
[EventType "team-swiss"]
[EventDate "2012.09.28"]

1. e4 e5 2. d4 exd4 3. Qxd4 Nc6 4. Qe3 Nf6 5. Nc3 Bb4 6. Bd2 d6 7. O-O-O Be6 8.
f4 Qe7 9. f5 Bd7 10. Re1 Ne5 11. h3 Bc6 12. Bd3 a6 13. g4 h6 14. Nf3 O-O-O 15.
a3 Bc5 16. Qe2 Rhe8 17. Rhf1 Nfd7 18. Be3 Kb8 19. Nd4 Qf6 20. Nxc6+ Nxc6 21.
Nd5 Bxe3+ 22. Qxe3 Qd4 23. Qxd4 Nxd4 24. f6 c6 25. fxg7 cxd5 26. Rxf7 Ne5 27.
Rf6 Nxd3+ 28. cxd3 dxe4 29. Rxe4 Rxe4 30. dxe4 1-0